Pakistan Provinces by Hindu percentage - Statistics

General Stats
  • This quiz has been taken 23 times
  • The average score is 4 of 5
Answer Stats
Percentage Answer % Correct
8.81% (4,901,107) Sindh
100%
0.19% (249,716) Punjab
94%
0.41% (59,107) Balochistan
89%
0.02% (6,104) Khyber Pakhtunkhwa
61%
0.03% (883) Islamabad
50%
No matching quizzes found
Score Distribution
Percent of People with Each Score
Percentile by Number Answered
Your Score History
You have not taken this quiz